000 01624 a2200205 4500
001 47797
005 20260407155744.0
008 260407a1985 arg spa d
003 AR-UNSa-BCEJYS
040 _aAR-UNSa-BCEJYS
_bspa
_cAR-UNSa-BCEJYS
080 _a658.15
_xAdministración financiera privada. Gestión financiera de empresas
245 1 0 _aIntroducción al análisis de decisiones financieras
020 _a950-541-024-7
264 1 _aBuenos Aires :
_bEdiciones Contabilidad Moderna
_c1985
300 _a382 p.
_c22 cm.
505 _aParte I: INTRODUCCIÓN: 1. Alcances y objetivos de las finanzas -- Parte II: 2. Decisiones de inversión - 3. Criterios para el análisis de inversión - 4. Tasas de rentabilidad versus valor presente neto - 5. Definición del flujo de fondos - 6. Análisis de inversiones en condiciones de incertidumbres - 7. Análisis de portafolios de inversiones - 8. Fundamentos teóricos sobre riesgo y retorno - 9. El retorno requerido para los proyectos - 10. La inflación y el análisis de inversiones fijas y de activos de trabajo -- Parte III: 11. Los elementos del análisis de decisiones de financiamiento - 12. Cálculo del costo de las deudas - 13. El "leverage" y sus efectos - 14. Decisiones de estructura financiera - 15. La determinación del nivel de endeudamiento en la práctica - 16. Elementos para algunas decisiones en moneda extranjera - Parte IV: 17. Factores que influyen la política de dividendos - 18. Dividendos y su relación con inversiones y financiamientos.
942 _cBK
590 _aniveau_biblio:m niveau_hierar:0
100 1 _aPascale, Ricardo
999 _c4465
_d4465